[Event "Olimpiada Dresden 2008 Femenina"]
[Site "Dresden GER"]
[Date "2008.11.15"]
[Round "3.25"]
[White "Fairley, Natasha"]
[Black "Bhatia, Kanwal K"]
[Result "0-1"]
[WhiteElo "1803"]
[BlackElo "2065"]
[PlyCount "60"]
[EventDate "2008.11.13"]
[EventType "team-tourn"]
[EventRounds "11"]
[EventCountry "GER"]
[Source "lmi"]
[SourceDate "2008.11.13"]
[WhiteTeam "Nueva Zelanda"]
[BlackTeam "Inglaterra"]
[WhiteTeamCountry "NZL"]
[BlackTeamCountry "ENG"]

1. d4 Nf6 2. c4 g6 3. g3 Bg7 4. Bg2 O-O 5. Nc3 d6 6. Nf3 c5 7. d5 e5 8. dxe6
Bxe6 9. Ng5 Bxc4 10. Bxb7 Nbd7 11. Bxa8 Qxa8 12. O-O d5 13. b3 Ba6 14. a4 Qc6
15. Nb5 d4 16. Nxa7 Qa8 17. Bb2 Qxa7 18. b4 Nd5 19. b5 Bb7 20. a5 Ba8 21. Nf3
Qb7 22. Rb1 Nb4 23. b6 Nc6 24. Nd2 Nxa5 25. f3 Qxb6 26. e3 Qd6 27. exd4 Bxd4+
28. Bxd4 Qxd4+ 29. Kg2 Ne5 30. Ne4 Nxf3 0-1

[Event "Olimpiada Dresden 2008 Femenina"]
[Site "Dresden GER"]
[Date "2008.11.15"]
[Round "3.26"]
[White "Blackburn, Suzie G"]
[Black "Petrenko, Svetlana"]
[Result "1-0"]
[WhiteElo "1883"]
[BlackElo "2285"]
[PlyCount "124"]
[EventDate "2008.11.13"]
[EventType "team-tourn"]
[EventRounds "11"]
[EventCountry "GER"]
[Source "lmi"]
[SourceDate "2008.11.13"]
[WhiteTeam "Gales"]
[BlackTeam "Moldavia"]
[WhiteTeamCountry "WLS"]
[BlackTeamCountry "MDA"]

1. e4 e5 2. Nf3 Nc6 3. d4 exd4 4. Nxd4 Nf6 5. Nxc6 bxc6 6. Bd3 d6 7. O-O Be7 8.
Nd2 O-O 9. h3 Nd7 10. Nf3 Nc5 11. Be3 Nxd3 12. cxd3 c5 13. d4 Bb7 14. Qc2 cxd4
15. Nxd4 Bf6 16. Rac1 c5 17. Nf5 Re8 18. f3 Bc8 19. Ng3 g6 20. Rfd1 Qb6 21. b3
a5 22. Qd2 a4 23. Ne2 axb3 24. axb3 Qxb3 25. Rb1 Qa2 26. Rb6 Qxd2 27. Rxd2 Ra1+
28. Kf2 Bh4+ 29. g3 Be7 30. h4 Ra6 31. Rxa6 Bxa6 32. Nc3 Bc4 33. Nd5 Bxd5 34.
Rxd5 Rc8 35. h5 f6 36. hxg6 hxg6 37. f4 Kf7 38. g4 Ra8 39. Rd2 Rh8 40. Kg2 Ke6
41. Rd5 Rc8 42. f5+ gxf5 43. gxf5+ Kd7 44. Kf3 Kc6 45. Ke2 Bd8 46. Bf4 Bc7 47.
Rd1 Rd8 48. Rc1 Bb6 49. Rh1 c4 50. Rc1 d5 51. exd5+ Kxd5 52. Kf3 Bd4 53. Be3
Bxe3 54. Kxe3 Kc5 55. Ra1 Rd6 56. Ra8 c3 57. Rc8+ Kb4 58. Rb8+ Ka3 59. Rc8 Kb2
60. Rc5 c2 61. Rb5+ Kc3 62. Rc5+ Kb3 1-0

[Event "Olimpiada Dresden 2008 Femenina"]
[Site "Dresden GER"]
[Date "2008.11.15"]
[Round "3.26"]
[White "Smokina, Karolina"]
[Black "Smith, Olivia"]
[Result "1-0"]
[WhiteElo "2235"]
[BlackElo "1961"]
[PlyCount "59"]
[EventDate "2008.11.13"]
[EventType "team-tourn"]
[EventRounds "11"]
[EventCountry "GER"]
[Source "lmi"]
[SourceDate "2008.11.13"]
[WhiteTeam "Moldavia"]
[BlackTeam "Gales"]
[WhiteTeamCountry "MDA"]
[BlackTeamCountry "WLS"]

1. d4 d5 2. c4 e6 3. Nf3 Nf6 4. Nc3 Be7 5. Bg5 O-O 6. e3 h6 7. Bh4 b6 8. g4
dxc4 9. Bxf6 Bxf6 10. h4 Bb7 11. g5 hxg5 12. hxg5 Bxg5 13. Bxc4 c5 14. d5 Bh6
15. Ke2 b5 16. Rxh6 gxh6 17. Qh1 Kh7 18. Ne4 Rg8 19. Qh5 Rg6 20. Nfg5+ Rxg5 21.
Qxf7+ Rg7 22. Qf4 bxc4 23. Rh1 Bxd5 24. Qxh6+ Kg8 25. Qh8+ Kf7 26. Qxd8 Bxe4
27. Rh8 Nc6 28. Rf8+ Kg6 29. Qf6+ Kh7 30. Qh4+ 1-0

[Event "Olimpiada Dresden 2008 Femenina"]
[Site "Dresden GER"]
[Date "2008.11.15"]
[Round "3.27"]
[White "Sedina, Elena"]
[Black "Segarra Choer, Tammy"]
[Result "1-0"]
[WhiteElo "2365"]
[BlackElo "1819"]
[PlyCount "155"]
[EventDate "2008.11.13"]
[EventType "team-tourn"]
[EventRounds "11"]
[EventCountry "GER"]
[Source "lmi"]
[SourceDate "2008.11.13"]
[WhiteTeam "Italia"]
[BlackTeam "Puerto Rico"]
[WhiteTeamCountry "ITA"]
[BlackTeamCountry "PUR"]

1. d4 Nf6 2. c4 e6 3. Nf3 Bb4+ 4. Bd2 Bxd2+ 5. Nbxd2 d6 6. g3 O-O 7. Bg2 Qe7 8.
Nf1 e5 9. Ne3 c6 10. O-O e4 11. Nd2 d5 12. cxd5 cxd5 13. Nb1 Nc6 14. Nc3 Rd8
15. Qd2 Be6 16. f3 exf3 17. exf3 Qd7 18. g4 Ne7 19. h3 Ne8 20. Rae1 f6 21. f4
Bf7 22. Qf2 Rac8 23. a3 Nc7 24. f5 Nc6 25. Rd1 Qd6 26. Bf3 Re8 27. Ng2 Re7 28.
Qd2 Rd8 29. Qf4 Na5 30. Rfe1 Rxe1+ 31. Rxe1 Qxf4 32. Nxf4 Nc6 33. Rd1 g5 34.
Ng2 Kf8 35. Ne3 Ke7 36. Kf2 Kd6 37. Ne2 h6 38. h4 Ke7 39. Rh1 Kf8 40. Nc2 Kg7
41. Nc3 Na5 42. Be2 a6 43. Nb4 Nb3 44. hxg5 hxg5 45. Rd1 a5 46. Nc2 Be8 47. Na1
Nxa1 48. Rxa1 Ra8 49. Rc1 Bc6 50. b4 axb4 51. axb4 Rd8 52. Ra1 Be8 53. Ra7 Rb8
54. b5 Bf7 55. Bf3 Kf8 56. b6 Na8 57. Bxd5 Nxb6 58. Rxb7 Rxb7 59. Bxb7 Ke7 60.
Bf3 Kd6 61. Ne4+ Ke7 62. Be2 Bd5 63. Nc3 Kd6 64. Ke3 Bc6 65. Bf3 Nc4+ 66. Ke2
Bxf3+ 67. Kxf3 Nd2+ 68. Ke2 Nc4 69. Nd1 Na5 70. Kd3 Nb3 71. Nc3 Na5 72. Ne4+
Ke7 73. d5 Kf7 74. d6 Nc6 75. Kc4 Ne5+ 76. Kd5 Nxg4 77. Kc6 Ne5+ 78. Kc7 1-0

[Event "Olimpiada Dresden 2008 Femenina"]
[Site "Dresden GER"]
[Date "2008.11.15"]
[Round "3.27"]
[White "Sanchez Rodriguez, Wilmairi"]
[Black "Ambrosi, Eleonora"]
[Result "0-1"]
[WhiteElo "1773"]
[BlackElo "2128"]
[PlyCount "94"]
[EventDate "2008.11.13"]
[EventType "team-tourn"]
[EventRounds "11"]
[EventCountry "GER"]
[Source "lmi"]
[SourceDate "2008.11.13"]
[WhiteTeam "Puerto Rico"]
[BlackTeam "Italia"]
[WhiteTeamCountry "PUR"]
[BlackTeamCountry "ITA"]

1. e4 e5 2. Nf3 Nc6 3. Bb5 a6 4. Bxc6 dxc6 5. Nc3 f6 6. d4 exd4 7. Qxd4 Qxd4 8.
Nxd4 Bd7 9. Bf4 O-O-O 10. O-O-O Ne7 11. Rd2 Ng6 12. Bg3 h5 13. h4 Bb4 14. Rd3
Bg4 15. Nde2 Be6 16. Rhd1 Bc4 17. Rd4 b5 18. f4 f5 19. exf5 Ne7 20. Rxd8+ Rxd8
21. Rxd8+ Kxd8 22. b3 Bf7 23. f6 gxf6 24. Bf2 Nd5 25. Ne4 Bg6 26. Nc5 a5 27. g3
Ke8 28. Ne6 Bd6 29. Kb2 Ke7 30. N6d4 Kd7 31. a3 Be4 32. Nc1 b4 33. axb4 axb4
34. Nce2 Bf8 35. Kc1 c5 36. c4 cxd4 37. cxd5 d3 38. Nd4 Bxd5 39. Kd2 c5 40. Nf5
Bxb3 41. Kxd3 c4+ 42. Kd4 c3 43. Kd3 Ba2 44. Nd4 Kd6 45. Be3 Kd5 46. g4 hxg4
47. h5 f5 0-1

[Event "Olimpiada Dresden 2008 Femenina"]
[Site "Dresden GER"]
[Date "2008.11.15"]
[Round "3.27"]
[White "Brunello, Marina"]
[Black "Basem-Hassan, Miriam"]
[Result "1-0"]
[WhiteElo "2117"]
[BlackElo "1935"]
[PlyCount "85"]
[EventDate "2008.11.13"]
[EventType "team-tourn"]
[EventRounds "11"]
[EventCountry "GER"]
[Source "lmi"]
[SourceDate "2008.11.13"]
[WhiteTeam "Italia"]
[BlackTeam "Puerto Rico"]
[WhiteTeamCountry "ITA"]
[BlackTeamCountry "PUR"]

1. e4 c6 2. d4 d5 3. Nd2 dxe4 4. Nxe4 Nd7 5. Nf3 Ngf6 6. Ng3 e6 7. Bd3 c5 8. c3
Be7 9. O-O O-O 10. Qe2 b6 11. Bg5 Bb7 12. Rad1 Qc7 13. Rfe1 Rfe8 14. Ne5 Nf8
15. Bc2 Nd5 16. Bc1 f6 17. Nf3 a6 18. c4 Nf4 19. Bxf4 Qxf4 20. Be4 Bxe4 21.
Nxe4 cxd4 22. Rxd4 Rad8 23. Nd6 Qxd4 24. Nxd4 Rxd6 25. Qe3 g6 26. h3 e5 27. Ne2
Ne6 28. Nc3 Rd4 29. Nd5 Bd8 30. b3 b5 31. Rc1 Kg7 32. Qf3 f5 33. cxb5 Ng5 34.
Qc3 axb5 35. Qc6 Re6 36. Qd7+ Be7 37. h4 Nf3+ 38. gxf3 Kf7 39. Rc8 Rxd5 40.
Qxd5 Kf6 41. Rc6 Rxc6 42. Qxc6+ Kf7 43. Qxb5 1-0

[Event "Olimpiada Dresden 2008 Femenina"]
[Site "Dresden GER"]
[Date "2008.11.15"]
[Round "3.28"]
[White "Munoz, Carolina"]
[Black "Vojinovic, Jovana"]
[Result "0-1"]
[WhiteElo "2026"]
[BlackElo "2332"]
[PlyCount "70"]
[EventDate "2008.11.13"]
[EventType "team-tourn"]
[EventRounds "11"]
[EventCountry "GER"]
[Source "lmi"]
[SourceDate "2008.11.13"]
[WhiteTeam "Costa Rica"]
[BlackTeam "MNE"]
[WhiteTeamCountry "CRI"]

1. d4 Nf6 2. Nf3 e6 3. Bg5 h6 4. Bxf6 Qxf6 5. e4 d6 6. Bd3 e5 7. c3 g6 8. O-O
Bg7 9. Nbd2 O-O 10. Re1 Qe7 11. Nc4 Nc6 12. dxe5 dxe5 13. Qe2 Nd8 14. b4 Ne6
15. g3 Ng5 16. Nxg5 Qxg5 17. Qe3 Qe7 18. Bf1 h5 19. Rad1 Bf6 20. f3 Be6 21. Qf2
Bg7 22. Qe3 Rfc8 23. Qf2 Rf8 24. Qe3 c6 25. Qf2 Qc7 26. Kh1 b6 27. Kg1 Rad8 28.
Qc2 b5 29. Ne3 Qb6 30. Kh1 Bh6 31. Ng2 Qa6 32. Re2 Qa3 33. Ne1 Rxd1 34. Qxd1
Qxc3 35. Nd3 Bc4 0-1

[Event "Olimpiada Dresden 2008 Femenina"]
[Site "Dresden GER"]
[Date "2008.11.15"]
[Round "3.28"]
[White "Drljevic, Ljilja"]
[Black "Da Bosco, Carla"]
[Result "1/2-1/2"]
[WhiteElo "2259"]
[BlackElo "1966"]
[PlyCount "34"]
[EventDate "2008.11.13"]
[EventType "team-tourn"]
[EventRounds "11"]
[EventCountry "GER"]
[Source "lmi"]
[SourceDate "2008.11.13"]
[WhiteTeam "MNE"]
[BlackTeam "Costa Rica"]
[BlackTeamCountry "CRI"]

1. e4 c5 2. Nf3 Nc6 3. d4 cxd4 4. Nxd4 g6 5. c4 Nf6 6. Nc3 Nxd4 7. Qxd4 d6 8.
Bg5 Bg7 9. Be2 O-O 10. O-O Be6 11. Qd2 Qa5 12. Rac1 Rfc8 13. b3 b5 14. cxb5
Rxc3 15. Rxc3 Re8 16. Rc8 Qxd2 17. Rxe8+ Nxe8 1/2-1/2

[Event "Olimpiada Dresden 2008 Femenina"]
[Site "Dresden GER"]
[Date "2008.11.15"]
[Round "3.29"]
[White "Wijesuriya, G V."]
[Black "Moser, Eva"]
[Result "0-1"]
[WhiteElo "1937"]
[BlackElo "2376"]
[PlyCount "158"]
[EventDate "2008.11.13"]
[EventType "team-tourn"]
[EventRounds "11"]
[EventCountry "GER"]
[Source "lmi"]
[SourceDate "2008.11.13"]
[WhiteTeam "Sri Lanka"]
[BlackTeam "Austria"]
[WhiteTeamCountry "SRI"]
[BlackTeamCountry "AUT"]

1. d4 Nf6 2. c4 g6 3. Nc3 Bg7 4. e4 d6 5. Bg5 O-O 6. Qd2 Na6 7. f4 c6 8. Nf3
Nc7 9. d5 Nh5 10. Be2 f6 11. Bh4 Bh6 12. g3 e5 13. Rg1 c5 14. Qc2 Qe8 15. fxe5
fxe5 16. Bg5 Bxg5 17. Nxg5 h6 18. Nf3 Bg4 19. Nh4 Bxe2 20. Qxe2 Kg7 21. O-O-O
Qd8 22. Kb1 Qg5 23. Ng2 Rf7 24. h4 Qe7 25. Ne3 Qd7 26. Rdf1 Raf8 27. Rxf7+ Rxf7
28. Ncd1 Ne8 29. Nf2 Nef6 30. Qd2 Ng8 31. Qe2 Ngf6 32. a3 b6 33. Ka2 Kh7 34.
Qd2 Ng8 35. g4 Nf4 36. g5 h5 37. Rg3 Kg7 38. Rf3 Ne7 39. Qd1 Kg8 40. Nc2 Qa4
41. b3 Qd7 42. Qf1 Nc8 43. Ne3 a6 44. Nfd1 Kf8 45. Nc3 Ke8 46. Kb1 Na7 47. Ne2
Nxe2 48. Qxe2 Rxf3 49. Qxf3 Nc8 50. b4 Qf7 51. Qh3 Qd7 52. Qg3 Qf7 53. Kc2 Kd8
54. Kd3 Kc7 55. Ke2 Kd8 56. Nd1 Ke8 57. Nf2 Qd7 58. Qb3 Kd8 59. Qf3 Qe7 60. Nd3
Ke8 61. a4 a5 62. bxa5 bxa5 63. Nf2 Qb7 64. Qh3 Qd7 65. Qb3 Kd8 66. Qb5 Qxb5
67. axb5 Nb6 68. Kd3 Kd7 69. Nd1 Kd8 70. Ne3 Ke7 71. Nc2 Kd7 72. Na1 a4 73. Nc2
Kd8 74. Kc3 Kd7 75. Ne3 Kd8 76. Nf1 Kd7 77. Nd2 Kd8 78. Kb2 Kc7 79. Ka3 Kd7 0-1

[Event "Olimpiada Dresden 2008 Femenina"]
[Site "Dresden GER"]
[Date "2008.11.15"]
[Round "3.29"]
[White "Kopinits, Anna-Christina"]
[Black "Walallawita, Lihini"]
[Result "1-0"]
[WhiteElo "2270"]
[BlackElo "1818"]
[PlyCount "116"]
[EventDate "2008.11.13"]
[EventType "team-tourn"]
[EventRounds "11"]
[EventCountry "GER"]
[Source "lmi"]
[SourceDate "2008.11.13"]
[WhiteTeam "Austria"]
[BlackTeam "Sri Lanka"]
[WhiteTeamCountry "AUT"]
[BlackTeamCountry "SRI"]

1. e4 e6 2. d3 d5 3. Nd2 c5 4. Ngf3 Nc6 5. g3 Nge7 6. Bg2 g6 7. O-O Bg7 8. Re1
O-O 9. e5 Qc7 10. Qe2 g5 11. Nxg5 Qxe5 12. Qxe5 Bxe5 13. Nb3 b6 14. c3 Bg7 15.
Nf3 a5 16. a4 e5 17. Bg5 f6 18. Bd2 Ba6 19. Bf1 Rae8 20. Rad1 f5 21. Na1 Bc8
22. Bh3 Ng6 23. Nc2 h6 24. Bc1 Bd7 25. Ne3 Nce7 26. b3 Bc6 27. Nd2 Kh7 28. Bg2
Rd8 29. Bb2 Rf7 30. h4 e4 31. dxe4 fxe4 32. Ng4 Rdf8 33. h5 Ne5 34. Nxe5 Bxe5
35. Re2 Nf5 36. Nf1 Bb7 37. Rdd2 Bf6 38. Rd1 Kg7 39. Bh3 Bg5 40. Rde1 Rf6 41.
Nh2 Ba6 42. c4 Nd4 43. Ng4 Rf3 44. Ne3 dxc4 45. bxc4 Kg8 46. Bxd4 cxd4 47. Be6+
Kg7 48. Ng2 Bb7 49. Bd5 Bxd5 50. cxd5 d3 51. Rxe4 Rxf2 52. Rd1 R2f3 53. Rd4 d2
54. g4 Rf2 55. d6 Re2 56. d7 Rd8 57. Kf1 Re7 58. Kf2 Rexd7 1-0

[Event "Olimpiada Dresden 2008 Femenina"]
[Site "Dresden GER"]
[Date "2008.11.15"]
[Round "3.29"]
[White "Perera, Anjana"]
[Black "Novkovic, Julia"]
[Result "1/2-1/2"]
[WhiteElo "1830"]
[BlackElo "2161"]
[PlyCount "135"]
[EventDate "2008.11.13"]
[EventType "team-tourn"]
[EventRounds "11"]
[EventCountry "GER"]
[Source "lmi"]
[SourceDate "2008.11.13"]
[WhiteTeam "Sri Lanka"]
[BlackTeam "Austria"]
[WhiteTeamCountry "SRI"]
[BlackTeamCountry "AUT"]

1. e4 e5 2. Nf3 Nc6 3. Bb5 a6 4. Ba4 Nf6 5. O-O b5 6. Bb3 Bc5 7. a4 Rb8 8. c3
d6 9. d4 Bb6 10. a5 Ba7 11. h3 Bb7 12. Re1 O-O 13. Be3 exd4 14. cxd4 Ne7 15. d5
Bxe3 16. Rxe3 c6 17. Nc3 b4 18. dxc6 Bxc6 19. Nd5 Bxd5 20. exd5 Rb5 21. Qd2 Rc5
22. Rd1 Ng6 23. Qxb4 Qxa5 24. Qxa5 Rxa5 25. Bc4 Rc8 26. b3 Kf8 27. Ree1 Re8 28.
Rf1 Nf4 29. Ra1 Rxa1 30. Rxa1 N4xd5 31. Rxa6 Rd8 32. Nd4 Ne7 33. Bd3 Nfd5 34.
Bc4 Nf6 35. Ra7 d5 36. Ba6 Nd7 37. b4 g6 38. b5 Nc5 39. Rc7 Na4 40. g4 h6 41.
Kg2 Rd6 42. Bb7 Ke8 43. Bc6+ Kd8 44. Ra7 Nb6 45. f4 Nbc8 46. Rb7 Nxc6 47. bxc6
Ne7 48. Rb8+ Nc8 49. h4 g5 50. fxg5 hxg5 51. h5 Rf6 52. Nb5 Rxc6 53. Na7 Rc2+
54. Kf3 Rc3+ 55. Ke2 Ra3 56. Rxc8+ Kd7 57. Rc7+ Ke6 58. Nb5 Rg3 59. Nd4+ Kf6
60. Nf3 Rxg4 61. Rxf7+ Ke6 62. Rg7 Kf6 63. Rg6+ Kf5 64. Kf2 d4 65. Rd6 Rf4 66.
Rxd4 Kf6 67. Rxf4+ gxf4 68. Kg2 1/2-1/2

[Event "Olimpiada Dresden 2008 Femenina"]
[Site "Dresden GER"]
[Date "2008.11.15"]
[Round "3.30"]
[White "Moncayo Romero, Evelyn"]
[Black "Alaa El Din, Yosra"]
[Result "1-0"]
[WhiteElo "2142"]
[BlackElo "1949"]
[PlyCount "154"]
[EventDate "2008.11.13"]
[EventType "team-tourn"]
[EventRounds "11"]
[EventCountry "GER"]
[Source "lmi"]
[SourceDate "2008.11.13"]
[WhiteTeam "Ecuador"]
[BlackTeam "Egipto"]
[WhiteTeamCountry "ECU"]
[BlackTeamCountry "EGY"]

1. e4 c5 2. Nf3 e6 3. g3 Nc6 4. Bg2 Nf6 5. Qe2 d5 6. d3 Be7 7. O-O O-O 8. Nbd2
a5 9. e5 Nd7 10. Re1 b5 11. Nf1 b4 12. h4 Ba6 13. N1h2 Qb6 14. Bg5 Rfc8 15.
Bxe7 Nxe7 16. Qd2 Qd8 17. h5 Nf5 18. Qf4 a4 19. g4 Nd4 20. Nxd4 cxd4 21. Rac1
b3 22. axb3 axb3 23. cxb3 Nc5 24. Qxd4 Nxb3 25. Rxc8 Rxc8 26. Qf4 Nc5 27. Rc1
Nxd3 28. Rxc8 Qxc8 29. Qd4 Nc1 30. Qb6 Ne2+ 31. Kh1 Nf4 32. Nf3 h6 33. Kh2 Bd3
34. Qe3 Qc4 35. Nd2 Qb4 36. Bf3 Bb5 37. b3 Nd3 38. Be2 d4 39. Qf3 Qxd2 40. Qa8+
Kh7 41. Qe4+ g6 42. hxg6+ Kg7 43. gxf7 Nxf2 44. Qf3 Kf8 45. Bxb5 Nxg4+ 46. Kg3
Nxe5 47. Qe4 Qg5+ 48. Kh3 Qf5+ 49. Qxf5 exf5 50. Kg3 Kxf7 51. Kf4 Kf6 52. b4
Ng6+ 53. Kf3 Ke5 54. Bd3 Nf4 55. Bb1 Nd5 56. b5 h5 57. Kg3 f4+ 58. Kf3 Nb6 59.
Bd3 Nd5 60. Bb1 Kd6 61. Bg6 h4 62. b6 h3 63. Be4 Nc3 64. Bf5 h2 65. Kg2 Nd5 66.
b7 Kc7 67. Kxh2 Kxb7 68. Bd3 Ne3 69. Kg1 Ng4 70. Be4+ Kb6 71. Kf1 Kc5 72. Ke2
Ne5 73. Kd2 Kc4 74. Bf5 d3 75. Be4 Kd4 76. Bb7 Nc4+ 77. Ke1 Ke3 1-0

[Event "Olimpiada Dresden 2008 Femenina"]
[Site "Dresden GER"]
[Date "2008.11.15"]
[Round "3.31"]
[White "Algildah, Nibal"]
[Black "Heinatz, Dr. Gundula"]
[Result "0-1"]
[WhiteElo "1951"]
[BlackElo "2227"]
[PlyCount "81"]
[EventDate "2008.11.13"]
[EventType "team-tourn"]
[EventRounds "11"]
[EventCountry "GER"]
[Source "lmi"]
[SourceDate "2008.11.13"]
[WhiteTeam "Siria"]
[BlackTeam "Suiza"]
[WhiteTeamCountry "SYR"]
[BlackTeamCountry "SUI"]

1. d4 g6 2. e4 d6 3. Nf3 Nf6 4. Bd3 Bg7 5. O-O O-O 6. Re1 Nc6 7. c3 e5 8. Na3
Bg4 9. Nc2 d5 10. Bg5 dxe4 11. Bxe4 exd4 12. Bxc6 bxc6 13. Ncxd4 Qd6 14. h3 Bd7
15. Ne5 c5 16. Nxd7 Qxd7 17. Nb3 Qf5 18. Bxf6 Bxf6 19. Qg4 Qxg4 20. hxg4 Rab8
21. Re4 Rfd8 22. Rae1 Kf8 23. g3 Rd5 24. Kg2 h6 25. R1e2 Rb6 26. Ra4 a6 27.
Rae4 Rb8 28. Na5 Rd1 29. Rf4 Bg5 30. Rc4 Rb5 31. Ra4 Rb6 32. Nb3 Be7 33. Rae4
Bd6 34. Re8+ Kg7 35. Na5 Bf8 36. Rc8 Rd7 37. Nc4 Rc6 38. Ree8 Bd6 39. f4 Kf6
40. Kf3 Re7 41. Nxd6 0-1

[Event "Olimpiada Dresden 2008 Femenina"]
[Site "Dresden GER"]
[Date "2008.11.15"]
[Round "3.31"]
[White "Al-Jelda, Fatma"]
[Black "Lematschko, Tatjana"]
[Result "0-1"]
[WhiteElo "1857"]
[BlackElo "2195"]
[PlyCount "60"]
[EventDate "2008.11.13"]
[EventType "team-tourn"]
[EventRounds "11"]
[EventCountry "GER"]
[Source "lmi"]
[SourceDate "2008.11.13"]
[WhiteTeam "Siria"]
[BlackTeam "Suiza"]
[WhiteTeamCountry "SYR"]
[BlackTeamCountry "SUI"]

1. e4 c5 2. c3 d5 3. exd5 Qxd5 4. d4 Nf6 5. Nf3 Bg4 6. Nbd2 cxd4 7. Qa4+ Nc6 8.
Bc4 Qd6 9. O-O dxc3 10. bxc3 Bd7 11. Ba3 Qc7 12. Rfe1 e6 13. Bxf8 Rxf8 14. Qa3
O-O-O 15. Rab1 Kb8 16. Nb3 Bc8 17. Nc5 Ka8 18. Rb5 Rd6 19. Reb1 Rfd8 20. Qb3 b6
21. Na4 Ba6 22. Nxb6+ axb6 23. Qa4 Qa7 24. Nd4 Bxb5 25. Qxb5 Nxd4 26. cxd4 Rxd4
27. Be2 R4d6 28. Bf3+ Nd5 29. Rb4 Kb8 30. Ra4 Nc3 0-1

[Event "Olimpiada Dresden 2008 Femenina"]
[Site "Dresden GER"]
[Date "2008.11.15"]
[Round "3.31"]
[White "Gavrilova, Anastasia"]
[Black "Mir Mahmoud, Afamia"]
[Result "1/2-1/2"]
[WhiteElo "2078"]
[BlackElo "2024"]
[PlyCount "97"]
[EventDate "2008.11.13"]
[EventType "team-tourn"]
[EventRounds "11"]
[EventCountry "GER"]
[Source "lmi"]
[SourceDate "2008.11.13"]
[WhiteTeam "Suiza"]
[BlackTeam "Siria"]
[WhiteTeamCountry "SUI"]
[BlackTeamCountry "SYR"]

1. c4 e6 2. Nc3 d5 3. d4 Be7 4. Nf3 Nf6 5. Bg5 O-O 6. Qc2 Nbd7 7. e3 h6 8. Bh4
c5 9. cxd5 Nxd5 10. Bxe7 Qxe7 11. Nxd5 exd5 12. dxc5 Nxc5 13. Be2 Bg4 14. O-O
Rac8 15. Rad1 Rfd8 16. Nd4 Bxe2 17. Qxe2 Ne6 18. Qb5 a6 19. Qb3 Rc4 20. Nf3 b5
21. Qd3 d4 22. Ne5 dxe3 23. Qxe3 Rc2 24. Qb3 Rxd1 25. Qxc2 Rxf1+ 26. Kxf1 Qd6
27. Nf3 Qd5 28. b3 Qb7 29. h4 g6 30. Kg1 h5 31. Qc3 Qd7 32. Qf6 Qd1+ 33. Kh2
Qd8 34. Qxd8+ Nxd8 35. Nd4 Kf8 36. Kg3 Ke7 37. Kf4 f6 38. f3 Nf7 39. Ke4 Kd6
40. g4 hxg4 41. fxg4 Ne5 42. h5 gxh5 43. gxh5 Ke7 44. Nf3 Nc6 45. Nd4 Ne5 46.
Ne2 Nc6 47. Nf4 Kf7 48. Nd3 Ke7 49. Kd5 1/2-1/2

[Event "Olimpiada Dresden 2008 Femenina"]
[Site "Dresden GER"]
[Date "2008.11.15"]
[Round "3.32"]
[White "Saleh, Nora Mohd"]
[Black "Sahl, Sheila Barth"]
[Result "1/2-1/2"]
[WhiteElo "1876"]
[BlackElo "2219"]
[PlyCount "49"]
[EventDate "2008.11.13"]
[EventType "team-tourn"]
[EventRounds "11"]
[EventCountry "GER"]
[Source "lmi"]
[SourceDate "2008.11.13"]
[WhiteTeam "Emiratos Arabes Unidos"]
[BlackTeam "Noruega"]
[WhiteTeamCountry "UAE"]
[BlackTeamCountry "NOR"]

1. d4 d5 2. Nf3 Nf6 3. c4 e6 4. Bg5 Be7 5. cxd5 exd5 6. Nc3 O-O 7. e3 Re8 8.
Bd3 Nbd7 9. O-O c5 10. Bb5 Rf8 11. Bxd7 Bxd7 12. dxc5 Be6 13. Rc1 Rc8 14. b4 b6
15. cxb6 Bxb4 16. Bxf6 gxf6 17. Qb3 a5 18. b7 Rc4 19. Nd4 Qc7 20. Ncb5 Qxb7 21.
Nd6 Qe7 22. Nxc4 dxc4 23. Qd1 Rc8 24. Nxe6 fxe6 25. Qg4+ 1/2-1/2

[Event "Olimpiada Dresden 2008 Femenina"]
[Site "Dresden GER"]
[Date "2008.11.15"]
[Round "3.32"]
[White "Bjerke, Silje"]
[Black "Bukhashem, Fayeqa S"]
[Result "1-0"]
[WhiteElo "2204"]
[BlackElo "1740"]
[PlyCount "92"]
[EventDate "2008.11.13"]
[EventType "team-tourn"]
[EventRounds "11"]
[EventCountry "GER"]
[Source "lmi"]
[SourceDate "2008.11.13"]
[WhiteTeam "Noruega"]
[BlackTeam "Emiratos Arabes Unidos"]
[WhiteTeamCountry "NOR"]
[BlackTeamCountry "UAE"]

1. e4 c5 2. Nc3 Nc6 3. f4 g6 4. Nf3 Bg7 5. Bb5 Nd4 6. O-O e6 7. d3 Ne7 8. Nxd4
cxd4 9. Ne2 O-O 10. Ba4 f5 11. e5 d6 12. exd6 Qxd6 13. Bb3 Kh8 14. Qe1 Bd7 15.
Bd2 Nc6 16. Qh4 a5 17. a4 Nb4 18. Kh1 Bf6 19. Qh6 Rfc8 20. Rfc1 Nd5 21. Re1 Nb4
22. Bxb4 axb4 23. Ng1 e5 24. fxe5 Bxe5 25. Nf3 Bf6 26. Ng5 Bxg5 27. Qxg5 Re8
28. h4 Rxe1+ 29. Rxe1 Re8 30. Rxe8+ Bxe8 31. h5 Kg7 32. h6+ Kf8 33. Kg1 b6 34.
Kf1 Bf7 35. Bxf7 Kxf7 36. Qh4 Ke6 37. Kg1 Kf7 38. c4 dxc3 39. Qc4+ Kf6 40. Qh4+
g5 41. Qf2 Kg6 42. bxc3 bxc3 43. d4 Qd5 44. Qe3 Qc6 45. Kf2 c2 46. Qc1 Qe4 1-0

[Event "Olimpiada Dresden 2008 Femenina"]
[Site "Dresden GER"]
[Date "2008.11.15"]
[Round "3.32"]
[White "Essa, Kulood"]
[Black "Tjolsen, Katrine"]
[Result "0-1"]
[WhiteElo "1821"]
[BlackElo "2110"]
[PlyCount "89"]
[EventDate "2008.11.13"]
[EventType "team-tourn"]
[EventRounds "11"]
[EventCountry "GER"]
[Source "lmi"]
[SourceDate "2008.11.13"]
[WhiteTeam "Emiratos Arabes Unidos"]
[BlackTeam "Noruega"]
[WhiteTeamCountry "UAE"]
[BlackTeamCountry "NOR"]

1. d4 d5 2. Bf4 Nf6 3. e3 c5 4. c3 Nc6 5. Nd2 Bf5 6. Ngf3 e6 7. Qb3 Qb6 8. Qxb6
axb6 9. Bb5 Nd7 10. Ne5 Ndxe5 11. Bxe5 Kd7 12. f3 Bd6 13. Bg3 Bxg3+ 14. hxg3
Kc7 15. Kf2 Rhe8 16. g4 Bg6 17. a3 h6 18. Rac1 c4 19. e4 Red8 20. Rhe1 Na7 21.
Ba4 Nc8 22. Bc2 b5 23. f4 dxe4 24. Bxe4 Bxe4 25. Nxe4 Rd5 26. g5 hxg5 27. Nxg5
Nd6 28. Rh1 Kd7 29. Rh7 Rg8 30. Re1 Ke7 31. g4 Ne8 32. Rh2 Nc7 33. Kg3 Kf8 34.
Ne4 b6 35. Ng5 Rd6 36. f5 f6 37. Nxe6+ Nxe6 38. Rxe6 Rxe6 39. fxe6 Ke7 40. Rh5
b4 41. cxb4 Rd8 42. d5 g5 43. Rh7+ Kd6 44. Kf3 Ke5 45. Rd7 0-1

[Event "Olimpiada Dresden 2008 Femenina"]
[Site "Dresden GER"]
[Date "2008.11.15"]
[Round "3.32"]
[White "Jorgensen, Line Jin"]
[Black "Salem, Amna"]
[Result "1-0"]
[WhiteElo "1946"]
[BlackElo "1779"]
[PlyCount "104"]
[EventDate "2008.11.13"]
[EventType "team-tourn"]
[EventRounds "11"]
[EventCountry "GER"]
[Source "lmi"]
[SourceDate "2008.11.13"]
[WhiteTeam "Noruega"]
[BlackTeam "Emiratos Arabes Unidos"]
[WhiteTeamCountry "NOR"]
[BlackTeamCountry "UAE"]

1. d4 d5 2. c4 c6 3. g3 Nf6 4. Bg2 Bf5 5. Nc3 e6 6. Nf3 Nbd7 7. Qb3 Qc8 8. cxd5
exd5 9. Nh4 Be6 10. O-O Be7 11. Bg5 h6 12. Bxf6 Nxf6 13. Rac1 O-O 14. e3 Ne4
15. Nf3 Rd8 16. Rfe1 f6 17. Nh4 Bf7 18. Qc2 f5 19. Nf3 Qe6 20. Ne5 Bd6 21. f4
Be8 22. Qe2 Rac8 23. Bf3 Bxe5 24. dxe5 c5 25. g4 Bg6 26. Kh1 fxg4 27. Bxe4 dxe4
28. Qg2 Be8 29. Rg1 h5 30. h3 Rd3 31. Rce1 Rcd8 32. Re2 Qf5 33. Qg3 Bd7 34. Nd1
Be6 35. Nf2 Rd2 36. hxg4 hxg4 37. Nxg4 Qxg4 38. Qxg4 Bxg4 39. Rxd2 Rxd2 40.
Rxg4 Kf7 41. Rg2 Rxg2 42. Kxg2 Ke6 43. Kf2 b5 44. a3 Kf5 45. Ke2 a5 46. a4 b4
47. b3 g5 48. fxg5 Kxe5 49. g6 Kf6 50. g7 Kxg7 51. Kf2 c4 52. Ke2 c3 1-0